Handbook of mental health in the workplace. (Record no. 758243)

MARC details
000 -LEADER
fixed length control field 00573nam a2200217Ia 4500
003 - CONTROL NUMBER IDENTIFIER
control field OSt
005 - DATE AND TIME OF LATEST TRANSACTION
control field 20250425145932.0
008 - FIXED-LENGTH DATA ELEMENTS--GENERAL INFORMATION
fixed length control field 220927b |||||||| |||| 00| 0 eng d
020 ## - INTERNATIONAL STANDARD BOOK NUMBER
International Standard Book Number 0761922555
037 ## - SOURCE OF ACQUISITION
Terms of availability Textual
040 ## - CATALOGING SOURCE
Original cataloging agency SDCL
Transcribing agency SDCL
Language of cataloging eng
041 ## - LANGUAGE CODE
Source of code eng
Language code of text/sound track or separate title eng
084 ## - COLON CLASSIFICATION NUMBER
Classification number S4 P2
100 ## - MAIN ENTRY--PERSONAL NAME
Personal name Thomas, Jay C.
9 (RLIN) 443078
245 #0 - TITLE STATEMENT
Title Handbook of mental health in the workplace.
260 ## - PUBLICATION, DISTRIBUTION, ETC.
Place of publication, distribution, etc. London :
Name of publisher, distributor, etc. Sage Publications,
Date of publication, distribution, etc. 2002.
300 ## - PHYSICAL DESCRIPTION
Extent x,574p.
Dimensions cm.
700 ## - ADDED ENTRY--PERSONAL NAME
Personal name Hersen, Michel
9 (RLIN) 443079
942 ## - ADDED ENTRY ELEMENTS (KOHA)
Koha item type Textual
Source of classification or shelving scheme Colon Classification (CC)
Suppress in OPAC No
Holdings
Withdrawn status Lost status Damaged status Not for loan Home library Current library Date acquired Total Checkouts Full call number Barcode Date last seen Date last checked out Price effective from Koha item type
        South Campus Library South Campus Library 2022-09-28 2 S4 P2 SC1309510 2025-04-25 2025-02-25 2022-09-28 Textual
Copyright @ Delhi University Library System